| 000 | 00608nam a2200193Ia 4500 | ||
|---|---|---|---|
| 008 | 151121s9999||||xx |||||||||||||| ||und|| | ||
| 082 | _a813/खानोल | ||
| 082 | _bHNW-48834 | ||
| 100 | _aखानोलकर चिं।त्र्यं | ||
| 245 | _aअजगर | ||
| 260 | _b"मौज प्रकाशन गृह, मुंबई।" | ||
| 260 | _c-- | ||
| 300 | _a93 | ||
| 600 | _aखानोलकर चिं।त्र्यं | ||
| 630 | _aअजगर | ||
| 700 | _aखानोलकर चिं।त्र्यं | ||
| 730 | _aअजगर | ||
| 942 | _cBOOK | ||
| 999 |
_c1234208 _d1234205 |
||